书目信息 |
| 题名: |
智能建筑节能技术研究
|
|
| 作者: | 姜杰 著 | |
| 分册: | ||
| 出版信息: | 北京 北京工业大学出版社 2020.09 |
|
| 页数: | 223页 | |
| 开本: | 24cm | |
| 丛书名: | ||
| 单 册: | ||
| 中图分类: | TU111.4 | |
| 科图分类: | ||
| 主题词: | 智能化建筑--zhi neng hua jian zhu--节能 | |
| 电子资源: | ||
| ISBN: | 978-7-5639-7639-3 | |
| 000 | 00929nam0 2200217 450 | |
| 001 | 011025153120 | |
| 005 | 20221025153120.0 | |
| 010 | @a978-7-5639-7639-3@dCNY52.00 | |
| 100 | @a20201004e20212020em y0chiy0120 ea | |
| 101 | 0 | @achi |
| 102 | @aCN@b110000 | |
| 105 | @aa z 000yy | |
| 106 | @ar | |
| 200 | 1 | @a智能建筑节能技术研究@Azhi neng jian zhu jie neng ji shu yan jiu@f姜杰著 |
| 210 | @a北京@c北京工业大学出版社@d2020.09@h2021.11 | |
| 215 | @a223页@c图@d24cm | |
| 330 | @a本书共六章。第一章是智能建筑基础知识,包含智能建筑概述及发展现状。第二章是基于综合布线路径的智能建筑优化设计探究。第三章是智能建筑中的分布式测控系统。第四章是基于安全防范的智能建筑优化设计探究。第五章是基于节能环保理念的智能建筑节能关键技术的探究。第六章是基于节能环保的智能建筑优化设计探究。 | |
| 606 | 0 | @a智能化建筑@Azhi neng hua jian zhu@x节能 |
| 690 | @aTU111.4@v5 | |
| 701 | 0 | @a姜杰@Ajiang jie@4著 |
| 905 | @a河南城建学院图书馆@dTU111.4@eJ511 | |
| 智能建筑节能技术研究/姜杰著.-北京:北京工业大学出版社,2020.09(2021.11) |
| 223页:图;24cm |
| ISBN 978-7-5639-7639-3:CNY52.00 |
| 本书共六章。第一章是智能建筑基础知识,包含智能建筑概述及发展现状。第二章是基于综合布线路径的智能建筑优化设计探究。第三章是智能建筑中的分布式测控系统。第四章是基于安全防范的智能建筑优化设计探究。第五章是基于节能环保理念的智能建筑节能关键技术的探究。第六章是基于节能环保的智能建筑优化设计探究。 |
| ● |
| 相关链接 |
|
|
|
正题名:智能建筑节能技术研究
索取号:TU111.4/J511
 
预约/预借
| 序号 | 登录号 | 条形码 | 馆藏地/架位号 | 状态 | 备注 |
| 1 | 1586864 | 215868648 | 建筑库101/101建筑库 24排3列1层/ [索取号:TU111.4/J511] | 在馆 | |
| 2 | 1586865 | 215868657 | 建筑库101/101建筑库 24排3列1层/ [索取号:TU111.4/J511] | 在馆 |